Welcome to the Hotel architecture / (Record no. 353637)

000 -LEADER
fixed length control field 00878cam a2200265 a 4500
001 - CONTROL NUMBER
control field 1655635
003 - CONTROL NUMBER IDENTIFIER
control field OSt
005 - DATE AND TIME OF LATEST TRANSACTION
control field 20180116192413.0
008 - FIXED-LENGTH DATA ELEMENTS--GENERAL INFORMATION
fixed length control field 971124s1998 mau 000 0 eng
010 ## - LIBRARY OF CONGRESS CONTROL NUMBER
LC control number 97047324
020 ## - INTERNATIONAL STANDARD BOOK NUMBER
International Standard Book Number 0262531534 (pbk. : alk. paper)
040 ## - CATALOGING SOURCE
Original cataloging agency DLC
Transcribing agency DLC
Modifying agency DLC
050 00 - LIBRARY OF CONGRESS CALL NUMBER
Classification number NA2500
Item number .C597 1998
082 00 - DEWEY DECIMAL CLASSIFICATION NUMBER
Classification number 720
Edition number 21
100 1# - MAIN ENTRY--PERSONAL NAME
Personal name Connah, Roger.
9 (RLIN) 6295
245 10 - TITLE STATEMENT
Title Welcome to the Hotel architecture /
Statement of responsibility, etc. Roger Connah.
260 ## - PUBLICATION, DISTRIBUTION, ETC.
Place of publication, distribution, etc. Cambridge, Mass. :
Name of publisher, distributor, etc. MIT Press,
Date of publication, distribution, etc. c1998.
300 ## - PHYSICAL DESCRIPTION
Extent xvii, 161 p. ;
Dimensions 21 cm.
440 #0 - SERIES STATEMENT/ADDED ENTRY--TITLE
Title Writing architecture
9 (RLIN) 6296
650 #0 - SUBJECT ADDED ENTRY--TOPICAL TERM
Topical term or geographic name entry element Architecture.
9 (RLIN) 6297
906 ## - LOCAL DATA ELEMENT F, LDF (RLIN)
a 7
b cbc
c orignew
d 1
e ocip
f 19
g y-gencatlg
942 ## - ADDED ENTRY ELEMENTS (KOHA)
Source of classification or shelving scheme
Koha item type Book
Holdings
Withdrawn status Lost status Source of classification or shelving scheme Damaged status Not for loan Permanent Location Current Location Date acquired Total Checkouts Full call number Barcode Date last seen Date last checked out Copy number Cost, replacement price Price effective from Koha item type
          School of Art Design and Architecture (SADA) School of Art Design and Architecture (SADA) 08/27/2012 2 720 CON 1998 SADA0001850 12/17/2013 12/05/2013 1 1484.00 01/31/2013 Book
© 2023 Central Library, National University of Sciences and Technology. All Rights Reserved.